000 00267nam a22000977a 4500
999 _c11252
_d11252
008 181204b ||||| |||| 00| 0 eng d
020 _a9789385936265
100 _aLokapally Vijay
_97000
245 _aDriven( The Virat Kohli Story)
260 _aNew Delhi
_bBloomsbury
_c2016